District Line (Left to Right) - Statistics

General Stats
  • This quiz has been taken 49 times
  • The average score is 13 of 14
Answer Stats
Answer % Correct
Wimbledon
100%
East Putney
92%
Edgware Road
92%
Fulham Broadway
92%
Notting Hill Gate
92%
Paddington
92%
Parsons Green
92%
Putney Bridge
92%
Southfields
92%
Wimbledon Park
92%
Bayswater
83%
Earl's Court
83%
High Street Kensington
83%
West Brompton
83%
No matching quizzes found
Score Distribution
Percent of People with Each Score
Percentile by Number Answered
Your Score History
You have not taken this quiz